000 00821nam a22001817a 4500
003 IT-RoPau
005 20220918181105.0
008 130506b xxu||||| |||| 00| 0 eng d
040 _cIT-RoPau
100 _aCentro di spiritualità paolina
_9518
245 _a"Camminiamo anche noi in novità di vita"
_b(Rom. VI, 4)
250 _a1° ed
260 _aAriccia (Roma)
_bCentro di spiritualità paolina Casa Divin Maestro
_c1975
300 _a43 pp.
_c28 cm
490 _a"Camminiamo anche noi in novità di vita" .
_vn° 19 - Ottobre 1975
520 _aSommario I. Leggiamo san Paolo, n° 7 II. Lo Spirito Santo nella spiritualità di Don Alberione (2) III. Testimonianze sullo "spirito paolino". Ricordi e riflessioni di don Paolo B. Marcellino (prima puntata). IV. Dialogo nella Famiglia Paolina.
942 _2ddc
_cCR
999 _c98481
_d98481